01003 2200373 4500001002100000005001500021035002000036245003700056100001800093250002000111300003100131856001800162260003900180082001600219084002200235020002600257650003900283650002800322008004100350990001700391990001700408990001700425990001700442990001700459990001700476990001700493990001700510990001700527990001700544990001700561990001700578990001700595990001700612INLIS00000000000001520250710111520 a0010-07250000151 aRaja Ingin Apa? /cHello English0 aHello English aCetakan Pertama a14 hlm. :bIlus. ;c29 cm. aTBM AS SUHADA aRawamangun :bHello English,c2022 a398.209 598 a398.209 598 RAJ r a978-623-307-307-303-5 4aCerita Anak Indonesia - Terjemahan 4aLiterasi - Bahan bacaan250710 0  aTBM202500007 aTBM202500008 aTBM202500009 aTBM202500010 aTBM202500011 aTBM202500012 aTBM202500013 aTBM202500014 aTBM202500015 aTBM202500016 aTBM202500017 aTBM202500018 aTBM202500019 aTBM202500020